000 00355nam a22001217a 4500
999 _c1832
_d1832
005 20200903161843.0
008 200903b ||||| |||| 00| 0 eng d
020 _a0340180692
040 _cCML
245 _aDressmarking.
_cTowers, E.L.
260 _aLondon
_bUniversity of London Press Ltd
_c1954
942 _2ddc
_cBK
_e1st Edition
_h646
_mTOW